Les pays les moins religieux - Statistiques

Statistiques générales
  • Ce quiz a été pris 167 fois
  • Le résultat moyen est 28 sur 37
Statistiques - réponses
Continent % Pays % Correct
Europe 74 France
95%
Europe 62 Allemagne
89%
Europe 88 Suède
89%
Asie 82 Chine
88%
Europe 59 Russie
88%
Asie 71 Japon
87%
Océanie 67 Australie
86%
Amérique 61 Canada
86%
Europe 55 Espagne
86%
Europe 78 Norvège
86%
Europe 76 Royaume-Uni
86%
Europe 57 Suisse
86%
Europe 68 Belgique
85%
Europe 83 Danemark
85%
Europe 69 Finlande
85%
Europe 65 Pays-Bas
85%
Asie 52 Corée-du-Sud
80%
Europe 78 Estonie
80%
Europe 60 Islande
80%
Europe 58 Lettonie
80%
Europe 52 Lituanie
79%
Océanie 67 Nouvelle-Zélande
79%
Europe 51 Autriche
77%
Europe 64 Luxembourg
77%
Europe 72 Tchéquie
77%
Europe 53 Irlande
76%
Europe 51 Slovénie
74%
Europe 63 Hongrie
72%
Europe 50 Biélorussie
67%
Europe 58 Bulgarie
67%
Asie 50 Mongolie
64%
Amérique 64 Cuba
56%
Europe 53 Albanie
55%
Asie 53 Singapour
48%
Amérique 64 Uruguay
38%
Asie 54 Israël
34%
Asie 54 Azerbaïdjan
32%
Aucun quiz correspondant
Distribution des résultats
% des personnes avec chaque résultat
Percentile par nombre de réponses
Votre historique - résultats
Vous n’avez pas pris ce quiz